000
00287nam a2200109Ia 4500
008
200302s9999 xx 000 0 und d
100
_a
Oscar newman
245
_a
Defensible Space People and Design in the Violent City
260
_b
Architectural Press
260
_c
1972
300
_a
264 P.,
999
_c
5244
_d
5244